Политология: учебник

Sonraí bibleagrafaíochta
Rannpháirtithe: Ачкасов В. А. Валерий Алексеевич (редактор), Гуторов В. А. Владимир Александрович
Achoimre:Учебник, написанный коллективом авторов Санкт-Петербургского государственного университета, представляет собой изложение ключевых проблем современной политической науки. При подготовке учебника использованы новейшие исследования, материалы и теоретические разработки ведущих отечественных и зарубежных политологов. В центре внимания авторов важнейшие процессы и явления политической жизни: власть, государство, партии, идеологии, международные отношения. Но особый интерес вызывает глубокое исследование таких актуальных тем политической науки и практики как политические режимы, политические элиты и лидерство, группы интересов и лоббирование, политические технологии, политическая глобалистика и др. Издание соответствует требованиям Государственного образовательного стандарта и базовой федеральной программе по дисциплине «Политология». Для студентов, аспирантов, преподавателей вузов и всех интересующихся проблемами развития современной политической науки.
Teanga:Rúisis
Foilsithe / Cruthaithe: Москва, Юрайт, 2010
Sraith:Университеты России
Ábhair:
Formáid: MixedMaterials LEABHAR
KOHA link:https://koha.lib.tpu.ru/cgi-bin/koha/opac-detail.pl?biblionumber=173224

MARC

LEADER 00000nam0a2200000 4500
001 173224
005 20231101223104.0
010 |a 9785991606295 
035 |a (RuTPU)RU\TPU\book\187884 
035 |a RU\TPU\book\152713 
035 |a RU\TPU\book\159522 
090 |a 173224 
100 |a 20081111d2010 m y0rusy50 ca 
101 0 |a rus 
102 |a RU 
105 |a y j 001zy 
200 1 |a Политология  |e учебник  |f под ред. В. А. Ачкасова, В. А. Гуторова 
210 |a Москва  |c Юрайт  |d 2010 
215 |a 692 с. 
225 1 |a Университеты России 
320 |a Библиография в конце глав. 
330 |a Учебник, написанный коллективом авторов Санкт-Петербургского государственного университета, представляет собой изложение ключевых проблем современной политической науки. При подготовке учебника использованы новейшие исследования, материалы и теоретические разработки ведущих отечественных и зарубежных политологов. В центре внимания авторов важнейшие процессы и явления политической жизни: власть, государство, партии, идеологии, международные отношения. Но особый интерес вызывает глубокое исследование таких актуальных тем политической науки и практики как политические режимы, политические элиты и лидерство, группы интересов и лоббирование, политические технологии, политическая глобалистика и др. Издание соответствует требованиям Государственного образовательного стандарта и базовой федеральной программе по дисциплине «Политология». Для студентов, аспирантов, преподавателей вузов и всех интересующихся проблемами развития современной политической науки. 
606 1 |a Политология  |2 stltpush  |3 (RuTPU)RU\TPU\subj\50495  |9 69168 
610 1 |a политика 
610 1 |a политическая наука 
610 1 |a политическая мысль 
610 1 |a история 
610 1 |a общество 
610 1 |a власть 
610 1 |a политические элиты 
610 1 |a политическая система 
610 1 |a политические режимы 
610 1 |a государство 
610 1 |a политические партии 
610 1 |a группы интересов 
610 1 |a СМИ 
610 1 |a избирательные системы 
610 1 |a политическая культура 
610 1 |a политическая идеология 
610 1 |a политические процессы 
610 1 |a политические коммуникации 
610 1 |a политические технологии 
610 1 |a политические конфликты 
610 1 |a мировая политика 
610 1 |a международные отношения 
610 1 |a глобалистика 
610 1 |a глобализм 
610 1 |a учебники 
686 |a Ф011.6я73  |v LBC/SL-A  |2 rubbk 
702 1 |a Ачкасов  |b В. А.  |g Валерий Алексеевич  |4 340 
702 1 |a Гуторов  |b В. А.  |g Владимир Александрович  |4 340 
801 1 |a RU  |b 63413507  |c 20091222 
801 2 |a RU  |b 63413507  |c 20220527  |g RCR 
900 |a Политология 
942 |c BK 
951 |l 8 
959 |a 126/20091217  |d 22  |e 299,00  |f АНЛ:1  |f ЧЗГЛ:1  |f УФ:20 
959 |a 69/20101006  |d 10  |e 339,00  |f УФ:10